MARC

LEADER 00000nam0a2200000 4500
001 242612
005 20231101231916.0
035 |a (RuTPU)RU\TPU\book\263929 
090 |a 242612 
100 |a 20130906d1972 k y0rusy50 ca 
101 0 |a rus 
102 |a RU 
105 |a a z 001zy 
200 1 |a Освоение нефтяных месторождений Западной Сибири  |e [монография]  |f Д. В. Белоусов [и др.] 
210 |a Москва  |c Недра  |d 1972 
215 |a 182 с.  |c ил. 
606 1 |a Нефтедобыча  |x Технико-эксплуатационные расчеты  |2 stltpush  |3 (RuTPU)RU\TPU\subj\45698  |9 64890 
610 1 |a нефтяные месторождения 
610 1 |a Западная Сибирь 
610 1 |a освоение 
610 1 |a развитие 
610 1 |a народное хозяйство 
610 1 |a нефтяная промышленность 
610 1 |a показатели 
610 1 |a обустройство 
610 1 |a газовая промышленность 
610 1 |a строительная индустрия 
610 1 |a строительные материалы 
610 1 |a эксплуатация 
610 1 |a суровый климат 
675 |a 622.323  |v 3 
701 1 |a Белоусов  |b Д. В.  |g Дмитрий Васильевич 
701 1 |a Боксерман  |b Ю. И.  |g Юлий Ильич 
701 1 |a Догаев  |b Ю. М.  |g Юрий Михайлович 
701 1 |a Каган  |b Я. М.  |g Яков Михайлович 
701 1 |a Керов  |b В. А.  |g Вячеслав Алексеевич 
801 1 |a RU  |b 63413507  |c 20130906 
801 2 |a RU  |b 63413507  |c 20170315  |g RCR 
942 |c BK